| 000 | 01176nam a22002537a 4500 | ||
|---|---|---|---|
| 005 | 20240305165444.0 | ||
| 007 | cr|||| ||u| | ||
| 008 | 161107s2016 Sp |||||o|||| 001 0 Spa d | ||
| 020 | _a978-84-9085-805-9 | ||
| 035 | _a14512 | ||
| 040 | _avLex | ||
| 090 |
_c6370 _d6370 |
||
| 100 | 1 | _aBercovitz Rodriguez-Cano, Rodrigo | |
| 245 | 1 |
_a Estudios sobre la Ley de Propiedad Intelectual _h[Recurso electrónico] : _bÚltimas reformas y materias pendientes / _cRodrigo Bercovitz Rodriguez-Cano. |
|
| 256 | _aServicio en línea | ||
| 260 |
_aMadrid: _bDykinson, _c2016. |
||
| 300 | _a1 Recurso electrónico | ||
| 506 | 1 |
_aDisponible en los productos indicados _dvLex Global _dvLex Global (Academic Edition, excluding Law Schools) _dvLex Global (U.S. Academic Edition, Law Schools) _dvLex Global (U.S. Academic Edition, excluding Law Schools) _dvLex Global (Academic Edition, Law Schools) |
|
| 650 | 0 | 4 |
_aPropiedad intelectual _zEspaña |
| 650 | 0 | 4 |
_aDerecho civil _zEspaña |
| 740 | 0 | _avLex libros (servicio en línea) | |
| 856 | 4 | 0 | _uhttps://app.vlex.com/#/sources/estudios-sobre-la-ley-de-propiedad-intelectual-ultimas-reformas-y-materias-pendientes-14512 |
| 942 | _cRAA | ||
| 999 |
_c164622 _d164622 |
||